| 000 | 00977nas a2200301 4500 | ||
|---|---|---|---|
| 001 | BR2014002359 | ||
| 003 | BR-BrBNA | ||
| 005 | 20231205123915.0 | ||
| 007 | ta | ||
| 008 | 230509b bl.|||p| |||| 00| 00por d | ||
| 040 |
_aBR-BrBNA _bpor _cBiblioteca Nacional de Agricultura |
||
| 041 | _a(En) | ||
| 072 | _aM40; M12 | ||
| 100 | 1 | _aTavares-Dias, M. | |
| 100 | 1 | _aAffonso, E.G. | |
| 100 | 1 | _aOliveira, S.R. | |
| 100 | 1 | _aMarcon, J.L. | |
| 100 | 1 | _aEgami, M.I. | |
| 245 | 1 | _aComparative study on hematological parameters of farmed matrinxã, Brycon amazonicus Spix and Agassiz, 1892 (Characidae: Bryconinae)with others Bryconinae species | |
| 650 | _aPEIXE DE ÁGUA DOCE | ||
| 650 | _aGLOBULO BRANCO | ||
| 650 | _aPARAMETRO GENÉTICO | ||
| 650 | _aSANGUE | ||
| 650 | _aGLOBULO VERMELHO | ||
| 773 | 0 |
_tActa Amazonica (Brazil) _xISSN 0044-5967 _g(Dec 2008), v. 38(4) p. 799-805 _wBR2014002359 |
|
| 909 |
_a202311 _bLúcia _c55 _dLúcia Elande |
||
| 942 |
_2AGRIS _n0 _cANA |
||
| 999 |
_c236310 _d236310 |
||